|
|
|
|
| LEADER |
01505nam a2200301 a 4500 |
| 001 |
707195 |
| 008 |
091011s1997 nyua b 000 0 eng d |
| 010 |
|
|
|a \\\97005428
|
| 020 |
|
|
|a 0878340904 (pbk : alk. paper)
|
| 040 |
|
|
|a DLC
|c DLC
|d DLC
|
| 082 |
0 |
0 |
|a 363.9/6/072
|2 21
|
| 245 |
0 |
4 |
|a The situation analysis approach to assessing family planning and reproductive health services :
|b a handbook /
|c Robert Miller ... [et al.].
|
| 260 |
|
|
|a New York :
|b Population Council,
|c c1997.
|
| 300 |
|
|
|a x, 195 p. :
|b ill. ;
|c 28 cm.
|
| 500 |
|
|
|a "Africa Operations Research and Technical Assistance Project".
|
| 504 |
|
|
|a Includes bibliographical references.
|
| 541 |
1 |
|
|e 00007180
|
| 650 |
|
0 |
|a Family planning
|x Research.
|
| 650 |
|
0 |
|a Family planning
|x Data processing.
|
| 650 |
|
0 |
|a Maternal health services
|x Evaluation.
|
| 650 |
|
0 |
|a Evaluation research (Social action programs)
|
| 700 |
1 |
|
|a Miller, Robert,
|d 1942-
|
| 710 |
2 |
|
|a Population Council.
|
| 710 |
2 |
|
|a Operations Research Technical Assistance Africa Project II
|
| 852 |
4 |
|
|a Ayesha Abed Library
|j General shelf
|
| 999 |
|
|
|c 4444
|d 4444
|
| 952 |
|
|
|0 0
|1 0
|2 ddc
|4 0
|6 363_960720000000000_SIT_1997
|7 0
|9 4155
|a BRACUL
|b BRACUL
|c GEN
|d 2009-10-11
|g 0.00
|l 0
|o 363.96072 SIT
|p 3010007180
|r 2009-10-11
|t 1
|w 2009-10-11
|y BK
|x No price found in the accession register.
|
| 952 |
|
|
|0 0
|1 0
|2 ddc
|4 0
|6 363_960720000000000_SIT_1997
|7 0
|9 4156
|a BRACUL
|b BRACUL
|c GEN
|d 2009-10-11
|g 0.00
|l 0
|o 363.96072 SIT
|p 3010007181
|r 2009-10-11
|t 1
|w 2009-10-11
|y BK
|x No price found in the accession register.
|